Т. 1; Анатомия (с основами спортивной морфологии)

Bibliografiske detaljer
Parent link:Анатомия (с основами спортивной морфологии): учебник/ П. К. Лысов, М. Р. Сапин. Т. 1.— , 2010.— 978-5-7695-6053-8
Summary:В учебник, состоящий из двух томов, включены современные анатомические данные, базовые материалы по спортивной морфологии. В первом томе изложены теоретические основы анатомии, современные данные о строении клеток и тканей. Рассмотрена функциональная анатомия скелета и его соединений, скелетных мышц. Большое внимание уделено анатомическому анализу спортивных упражнений. Для студентов учреждений высшего профессионального образования.
Sprog:russisk
Udgivet: 2010
Fag:
Format: Bog
KOHA link:https://koha.lib.tpu.ru/cgi-bin/koha/opac-detail.pl?biblionumber=178278

MARC

LEADER 00000nam2a2200000 4500
001 178278
005 20231101223409.0
010 |a 9785769559556 
035 |a (RuTPU)RU\TPU\book\193278 
090 |a 178278 
100 |a 20100406d2010 m y0rusy50 ca 
101 0 |a rus 
102 |a RU 
105 |a a j 000zy 
200 0 |a  Т. 1 
210 |d 2010 
215 |a 256 с.  |c ил. 
330 |a В учебник, состоящий из двух томов, включены современные анатомические данные, базовые материалы по спортивной морфологии. В первом томе изложены теоретические основы анатомии, современные данные о строении клеток и тканей. Рассмотрена функциональная анатомия скелета и его соединений, скелетных мышц. Большое внимание уделено анатомическому анализу спортивных упражнений. Для студентов учреждений высшего профессионального образования. 
461 1 |0 (RuTPU)RU\TPU\book\173926  |y 978-5-7695-6053-8  |t Анатомия (с основами спортивной морфологии)  |o учебник  |o в 2 т.  |f П. К. Лысов, М. Р. Сапин  |v Т. 1  |d 2010  |s Высшее профессиональное образование. Физическая культура и спорт 
606 1 |a Анатомия  |x Медицина  |2 stltpush  |3 (RuTPU)RU\TPU\subj\29036  |9 52450 
606 1 |a Спортивная анатомия  |2 stltpush  |3 (RuTPU)RU\TPU\subj\67416  |9 83229 
610 1 |a человеческое тело 
610 1 |a структурная организация 
610 1 |a клетки 
610 1 |a онтогенез 
610 1 |a ткани тела 
610 1 |a терминология 
610 1 |a костная система 
610 1 |a остеология 
610 1 |a скелет 
610 1 |a кости 
610 1 |a костно-мышечная система 
610 1 |a соединения 
610 1 |a миология 
610 1 |a мышцы 
610 1 |a фасции 
610 1 |a динамическая анатомия 
610 1 |a движения 
610 1 |a анатомический анализ 
610 1 |a статические упражнения 
610 1 |a стойки 
610 1 |a упоры 
610 1 |a ходьба 
610 1 |a бег 
610 1 |a учебники 
675 |a 611(075.8)  |v 3 
675 |a 796:61(075.8)  |v 3 
801 1 |a RU  |b 63413507  |c 20100406 
801 2 |a RU  |b 63413507  |c 20100922  |g RCR 
900 |a Анатомия 
942 |c BK 
959 |a 20/20100322  |d 1  |e 369,60  |f ЧЗТЛ:1